[Event "BCF-chT3Sb 1617 (4NCL)"]
[Site "England"]
[Date "2016.11.26"]
[Round "1.82"]
[White "Farkas, Daniel"]
[Black "Dickson, George A"]
[Result "1/2-1/2"]
[WhiteElo "2082"]
[BlackElo "2007"]
[PlyCount "127"]
[EventDate "2016.11.26"]
[EventType "team-tourn"]
[EventRounds "11"]
[EventCountry "ENG"]
[SourceTitle "EXT 2019"]
[Source "ChessBase"]
[SourceDate "2018.10.10"]
[SourceVersion "1"]
[SourceVersionDate "2018.10.10"]
[SourceQuality "1"]
[WhiteTeam "Fermented Sharks"]
[BlackTeam "Iceni"]
[WhiteTeamCountry "ENG"]
[BlackTeamCountry "ENG"]

1. d4 Nf6 2. Bf4 g6 3. e3 Bg7 4. Nf3 0-0 5. Be2 d6 6. h3 Nbd7 7. 0-0 c5 8. c3 b6 9. Nbd2 Bb7 10. a4 Nd5 11. Bg3 e5 12. Nc4 Qe7 13. Re1 Rfc8 14. Qb3 Nc7 15. Rad1 Ne8 16. dxe5 Nxe5 17. Nfxe5 d5 18. Nf3 dxc4 19. Qxc4 Rd8 20. Bh4 Bf6 21. Bxf6 Qxf6 22. Qh4 Qxh4 23. Nxh4 Rab8 24. Nf3 Bc6 25. Rxd8 Rxd8 26. Rd1 Rd6 27. b3 Bd5 28. Bb5 Bxf3 29. Rxd6 Nxd6 30. gxf3 a5 31. Bc6 Kf8 32. Kf1 Ke7 33. f4 Nf5 34. Ke2 Kd6 35. Be4 Ng7 36. Kd3 f5 37. Bf3 Ne8 38. Kc4 Nc7 39. Bg2 h6 40. Bf3 Ne8 41. Bb7 Kc7 42. Bd5 Nd6+ 43. Kd3 Kd7 44. f3 Nc8 45. Bf7 g5 46. fxg5 hxg5 47. Bc4 Ke7 48. e4 Kf6 49. Bd5 Ke5 50. Bc6 f4 51. Bd5 Nd6 52. Bg8 Nc8 53. b4 Nd6 54. bxc5 bxc5 55. Bd5 Kf6 56. Ke2 Ke5 57. Kf2 Nc8 58. Bc6 Nd6 59. Bd5 Nc8 60. Bc4 Ne7 61. Bb5 Nc8 62. Kg2 Nd6 63. Bd3 Kf6 64. Ba6 1/2-1/2

[Event "BCF-chT4 1516 (4NCL)"]
[Site "England"]
[Date "2016.05.01"]
[Round "10.99"]
[White "Dickson, George A"]
[Black "Kenning, Paul H"]
[Result "1/2-1/2"]
[WhiteElo "2009"]
[BlackElo "1866"]
[PlyCount "28"]
[EventDate "2015.11.14"]
[EventType "team-swiss"]
[EventRounds "11"]
[EventCountry "ENG"]
[SourceTitle "EXT 2017"]
[Source "ChessBase"]
[SourceDate "2016.10.25"]
[SourceVersion "1"]
[SourceVersionDate "2016.10.25"]
[SourceQuality "1"]
[WhiteTeam "Iceni"]
[BlackTeam "Iceni II"]
[WhiteTeamCountry "ENG"]
[BlackTeamCountry "ENG"]

1. e4 d6 2. d4 Nf6 3. Nc3 c6 4. Bd3 e5 5. Nge2 Be7 6. 0-0 Bg4 7. h3 Bh5 8. dxe5 dxe5 9. Be3 Nbd7 10. Ng3 Bg6 11. Qd2 Bc5 12. Rfe1 0-0 13. Bf1 Bxe3 14. Qxe3 Qb6 1/2-1/2

[Event "ENG-ch Seniors"]
[Site "London"]
[Date "2016.04.08"]
[Round "5"]
[White "Dickson, George A"]
[Black "Phillips, William"]
[Result "1/2-1/2"]
[WhiteElo "2009"]
[BlackElo "1872"]
[PlyCount "70"]
[EventDate "2016.04.04"]
[EventType "swiss"]
[EventRounds "5"]
[EventCountry "ENG"]
[SourceTitle "EXT 2019"]
[Source "ChessBase"]
[SourceDate "2018.10.10"]
[SourceVersion "1"]
[SourceVersionDate "2018.10.10"]
[SourceQuality "1"]

1. d4 Nf6 2. Bf4 e6 3. e3 b6 4. Nf3 Bb7 5. Be2 Be7 6. h3 c5 7. 0-0 0-0 8. Nbd2 Nc6 9. dxc5 Bxc5 10. Nb3 Be7 11. Bd6 Bxd6 12. Qxd6 Ne4 13. Qh2 d5 14. Rad1 Qd6 15. Qxd6 Nxd6 16. Nbd4 Nxd4 17. exd4 Bc6 18. Ne5 Bb5 19. Rfe1 Bxe2 20. Rxe2 Nc4 21. Nxc4 dxc4 22. c3 Rfd8 23. Re5 Rd5 24. f4 Rad8 25. Rde1 Rxe5 26. Rxe5 Rd5 27. Kf2 Kf8 28. Ke3 Ke7 29. Ke4 f5+ 30. Ke3 Kd6 31. h4 h5 32. g3 b5 33. a3 a5 34. Kf3 a4 35. Re2 Kd7 1/2-1/2

[Event "ENG-ch Seniors"]
[Site "London"]
[Date "2016.04.05"]
[Round "2"]
[White "Dickson, George A"]
[Black "Norman, Kenneth I"]
[Result "1/2-1/2"]
[WhiteElo "2009"]
[BlackElo "2095"]
[PlyCount "48"]
[EventDate "2016.04.04"]
[EventType "swiss"]
[EventRounds "5"]
[EventCountry "ENG"]
[SourceTitle "EXT 2019"]
[Source "ChessBase"]
[SourceDate "2018.10.10"]
[SourceVersion "1"]
[SourceVersionDate "2018.10.10"]
[SourceQuality "1"]

1. e4 e5 2. Nf3 Nc6 3. Bc4 Bc5 4. c3 Nf6 5. d4 exd4 6. cxd4 Bb4+ 7. Nc3 Nxe4 8. 0-0 Bxc3 9. d5 Bf6 10. dxc6 bxc6 11. Qc2 d5 12. Bd3 0-0 13. Qxc6 Rb8 14. Bf4 Rxb2 15. Bxc7 Qd7 16. Qxd7 Bxd7 17. Be5 Bxe5 18. Nxe5 Ba4 19. Bxe4 dxe4 20. Nc4 Rb4 21. Rfc1 Rd8 22. a3 Rbb8 23. Ne3 g6 24. Rc4 Bb5 1/2-1/2

[Event "BCF-chT4 1516 (4NCL)"]
[Site "England"]
[Date "2016.02.14"]
[Round "6.175"]
[White "Willmoth, Robert"]
[Black "Dickson, George A"]
[Result "1-0"]
[WhiteElo "2230"]
[BlackElo "2009"]
[PlyCount "199"]
[EventDate "2015.11.14"]
[EventType "team-swiss"]
[EventRounds "11"]
[EventCountry "ENG"]
[SourceTitle "EXT 2017"]
[Source "ChessBase"]
[SourceDate "2016.10.25"]
[SourceVersion "1"]
[SourceVersionDate "2016.10.25"]
[SourceQuality "1"]
[WhiteTeam "Barnet Knights"]
[BlackTeam "Iceni"]
[WhiteTeamCountry "ENG"]
[BlackTeamCountry "ENG"]

1. d4 Nf6 2. Nf3 g6 3. c4 Bg7 4. g3 d5 5. cxd5 Nxd5 6. Bg2 0-0 7. 0-0 c6 8. e4 Nb6 9. h3 h6 10. Nc3 Be6 11. Kh2 Na6 12. b3 c5 13. Be3 Rc8 14. Rc1 c4 15. d5 cxb3 16. Qxb3 Bd7 17. Nb5 Bxb5 18. Rxc8 Nxc8 19. Qxb5 Nd6 20. Qa4 Qe8 21. Qb3 Qb5 22. Qxb5 Nxb5 23. Rb1 Nd6 24. Bxa7 Nxe4 25. Rxb7 Bf6 26. Bf1 Nac5 27. Rc7 Na4 28. Be3 Kg7 29. Nd4 Nac3 30. Bc4 Nd1 31. Nc6 Nxe3 32. fxe3 Ra8 33. Ra7 Rxa7 34. Nxa7 Be5 35. Nc6 Bxg3+ 36. Kg2 Bd6 37. a4 Nf6 38. a5 Ne8 39. a6 Nc7 40. Kf3 f5 41. e4 fxe4+ 42. Kxe4 Kf6 43. Be2 Nxa6 44. Bxa6 e6 45. dxe6 Kxe6 46. Be2 Kf6 47. Nd4 Ba3 48. Kf4 Bd6+ 49. Kf3 h5 50. Ke4 Ba3 51. Nf3 g5 52. Ne1 g4 53. h4 Bd6 54. Bb5 Bg3 55. Ng2 Kg6 56. Be8+ Kf6 57. Kd5 Bf2 58. Bb5 Bg3 59. Kd4 Kf5 60. Bd7+ Kf6 61. Bc8 Bf2+ 62. Ke4 Bg3 63. Bd7 Ke7 64. Bf5 Kf6 65. Bc8 Bf2 66. Kf4 Bb6 67. Bd7 Bc7+ 68. Ke4 Ke7 69. Bc6 Kf6 70. Ne3 Bg3 71. Nf5 Bf2 72. Bd7 Be1 73. Be8 Bf2 74. Kf4 g3 75. Bc6 Be1 76. Bg2 Bd2+ 77. Ke4 Kg6 78. Nxg3 Ba5 79. Bf1 Be1 80. Nf5 Kf6 81. Bb5 Kg6 82. Be8+ Kf6 83. Bd7 Kg6 84. Ke5 Kf7 85. Bb5 Bc3+ 86. Ke4 Kf6 87. Ne3 Be1 88. Ng2 Bf2 89. Be8 Bg3 90. Kf3 Bc7 91. Bxh5 Ba5 92. Kg4 Bd2 93. Be8 Kg7 94. h5 Kh6 95. Nh4 Kg7 96. Nf5+ Kf8 97. Bg6 Kg8 98. h6 Kh8 99. Kh5 Bf4 100. h7 1-0

[Event "Sunningdale e2e4 U2050 op 05"]
[Site "Sunningdale"]
[Date "2014.05.24"]
[Round "2"]
[White "Dickson, George A"]
[Black "Paul, Nathanael"]
[Result "1/2-1/2"]
[WhiteElo "2040"]
[BlackElo "1896"]
[PlyCount "87"]
[EventDate "2014.05.23"]
[EventType "swiss"]
[EventRounds "7"]
[EventCountry "ENG"]
[SourceTitle "EXT 2015"]
[Source "ChessBase"]
[SourceDate "2014.11.20"]
[SourceVersion "1"]
[SourceVersionDate "2014.11.20"]
[SourceQuality "1"]

1. d4 Nf6 2. Bf4 e6 3. e3 b6 4. Nf3 Bb7 5. Nbd2 Be7 6. Bd3 0-0 7. h3 d5 8. 0-0 Nbd7 9. Rc1 Ne4 10. c4 Rc8 11. cxd5 exd5 12. Qa4 a5 13. Bb5 Nxd2 14. Nxd2 Nb8 15. Bd3 g6 16. Nf3 Bd6 17. Bxd6 Qxd6 18. Rc3 c5 19. Qa3 Rfd8 20. Rfc1 c4 21. Qxd6 Rxd6 22. a4 Bc6 23. Bc2 Nd7 24. Ne5 Nxe5 25. dxe5 Re6 26. f4 f6 27. b3 b5 28. axb5 Bxb5 29. Rd1 Rc5 30. e4 dxe4 31. Bxe4 Kg7 32. Bd5 Re8 33. e6 Rec8 34. bxc4 Bxc4 35. Bxc4 Rxc4 36. Rd7+ Kf8 37. e7+ Kf7 38. Re3 Re8 39. g3 Rc2 40. Ra7 h5 41. h4 a4 42. Rxa4 Rxe7 43. Rxe7+ Kxe7 44. Ra6 1/2-1/2

[Event "BCF-chT3 1213 (4NCL)"]
[Site "England"]
[Date "2013.05.04"]
[Round "9.135"]
[White "Dickson, George A"]
[Black "Hoffmann, Hendrik"]
[Result "0-1"]
[WhiteElo "2071"]
[BlackElo "2279"]
[PlyCount "92"]
[EventDate "2012.11.03"]
[EventType "team-swiss"]
[EventRounds "11"]
[EventCountry "ENG"]
[SourceTitle "EXT 2014"]
[Source "ChessBase"]
[SourceDate "2013.11.20"]
[SourceVersion "1"]
[SourceVersionDate "2013.11.20"]
[SourceQuality "1"]
[WhiteTeam "Metropolitan"]
[BlackTeam "Celtic Tigers"]
[WhiteTeamCountry "ENG"]
[BlackTeamCountry "ENG"]

1. e4 d6 2. d4 Nf6 3. Nc3 g6 4. Bc4 Bg7 5. Nge2 0-0 6. f3 c6 7. a4 a5 8. Be3 Na6 9. Qd2 Nb4 10. Bb3 e5 11. dxe5 dxe5 12. Qxd8 Rxd8 13. Bb6 Re8 14. 0-0-0 Nd7 15. Be3 Bf8 16. Kb1 Nc5 17. Bxc5 Bxc5 18. Nc1 Na6 19. g4 Bb4 20. h4 Nc5 21. h5 Ne6 22. hxg6 hxg6 23. Rh6 Kg7 24. Rdh1 Ng5 25. N3e2 Be6 26. f4 exf4 27. Bxe6 Bc3 28. Bxf7 Nxf7 29. Rh7+ Kf6 30. Nxc3 Rh8 31. e5+ Ke7 32. N1e2 f3 33. Nf4 Rxh7 34. Rxh7 f2 35. Rh1 Nxe5 36. Rf1 Nxg4 37. Nxg6+ Kf6 38. Nf4 Rf8 39. Nd3 Kg5 40. b3 Rf7 41. Kc1 Kh4 42. Rh1+ Kg3 43. Nxf2 Kxf2 44. Rh5 b6 45. Rg5 Kf3 46. Rg6 Ne5 0-1

[Event "ENG-ch Seniors"]
[Site "Gatwick"]
[Date "2011.10.30"]
[Round "5"]
[White "Dickson, George A"]
[Black "Bingham, James T"]
[Result "1-0"]
[WhiteElo "2089"]
[BlackElo "1846"]
[PlyCount "43"]
[EventDate "2011.10.26"]
[EventType "swiss"]
[EventRounds "5"]
[EventCountry "ENG"]
[SourceTitle "EXT 2019"]
[Source "ChessBase"]
[SourceDate "2018.10.10"]
[SourceVersion "1"]
[SourceVersionDate "2018.10.10"]
[SourceQuality "1"]

1. e4 c5 2. Nf3 d6 3. g3 Nc6 4. Bg2 g6 5. 0-0 Bg7 6. d3 e6 7. Re1 Nge7 8. Nbd2 b5 9. e5 d5 10. d4 Qc7 11. dxc5 Nxe5 12. Nxe5 Bxe5 13. Qe2 Bg7 14. Nb3 Qd7 15. c3 0-0 16. Bf4 Re8 17. Bd6 Bb7 18. Na5 Nf5 19. Nxb7 Nxd6 20. Nxd6 Reb8 21. Rad1 b4 22. c4 1-0

[Event "BCF-chT3 1011 (4NCL)"]
[Site "England"]
[Date "2011.05.02"]
[Round "11.38"]
[White "Dickson, George A"]
[Black "Lunn, Timothy"]
[Result "1/2-1/2"]
[WhiteElo "2104"]
[BlackElo "2055"]
[PlyCount "58"]
[EventDate "2010.11.06"]
[EventType "team-swiss"]
[EventRounds "9"]
[EventCountry "ENG"]
[SourceTitle "EXT 2012"]
[Source "ChessBase"]
[SourceDate "2011.11.24"]
[SourceVersion "1"]
[SourceVersionDate "2011.11.24"]
[SourceQuality "1"]
[WhiteTeam "Metropolitan"]
[BlackTeam "Anglian Avengers II"]
[WhiteTeamCountry "ENG"]
[BlackTeamCountry "ENG"]

1. d4 d5 2. Bf4 Nf6 3. e3 c5 4. c3 Nc6 5. Nf3 Qb6 6. Qb3 c4 7. Qxb6 axb6 8. Be2 e6 9. Nbd2 b5 10. 0-0 b4 11. e4 Be7 12. Ne5 0-0 13. Bf3 h6 14. Rfe1 Re8 15. exd5 exd5 16. Nxc6 bxc6 17. Nxc4 Be6 18. Nd6 Red8 19. Nb7 Rd7 20. Nc5 Bxc5 21. dxc5 bxc3 22. bxc3 Rda7 23. Re2 Nd7 24. h3 Nxc5 25. Be3 Ra5 26. Rb2 Nd3 27. Rd2 Ne5 28. Be2 Nc4 29. Bxc4 dxc4 1/2-1/2

[Event "BCF-chT3 1011 (4NCL)"]
[Site "England"]
[Date "2011.03.26"]
[Round "7.44"]
[White "Livesey, R Nigel"]
[Black "Dickson, George A"]
[Result "1/2-1/2"]
[WhiteElo "1884"]
[BlackElo "2104"]
[PlyCount "53"]
[EventDate "2010.11.06"]
[EventType "team-swiss"]
[EventRounds "9"]
[EventCountry "ENG"]
[SourceTitle "EXT 2012"]
[Source "ChessBase"]
[SourceDate "2011.11.24"]
[SourceVersion "1"]
[SourceVersionDate "2011.11.24"]
[SourceQuality "1"]
[WhiteTeam "e2e4.org.uk IV"]
[BlackTeam "Metropolitan"]
[WhiteTeamCountry "ENG"]
[BlackTeamCountry "ENG"]

1. c4 Nf6 2. g3 g6 3. Bg2 Bg7 4. Nc3 0-0 5. d3 c6 6. e4 e5 7. Nge2 Na6 8. 0-0 Nc7 9. d4 d6 10. h3 exd4 11. Nxd4 Ne6 12. Be3 Nxd4 13. Bxd4 Be6 14. Qd3 Qa5 15. Ne2 Qa6 16. b3 c5 17. Bc3 Rad8 18. Rfd1 Qb6 19. Nf4 Qc7 20. Qc2 Ne8 21. Qb2 Bxc3 22. Qxc3 Ng7 23. Rd2 Qe7 24. Rad1 g5 25. Ne2 f6 26. g4 Bc8 27. Qg3 1/2-1/2

[Event "BCF-chT3 1011 (4NCL)"]
[Site "England"]
[Date "2011.02.20"]
[Round "6.44"]
[White "Webster, Richard J"]
[Black "Dickson, George A"]
[Result "1/2-1/2"]
[WhiteElo "1986"]
[BlackElo "2104"]
[PlyCount "64"]
[EventDate "2010.11.06"]
[EventType "team-swiss"]
[EventRounds "9"]
[EventCountry "ENG"]
[SourceTitle "EXT 2012"]
[Source "ChessBase"]
[SourceDate "2011.11.24"]
[SourceVersion "1"]
[SourceVersionDate "2011.11.24"]
[SourceQuality "1"]
[WhiteTeam "e2e4.org.uk III"]
[BlackTeam "Metropolitan"]
[WhiteTeamCountry "ENG"]
[BlackTeamCountry "ENG"]

1. c4 Nf6 2. g3 g6 3. Bg2 Bg7 4. Nc3 0-0 5. d3 c5 6. Be3 d6 7. Qc1 Nc6 8. Nf3 Bd7 9. Bh6 Nd4 10. Bxg7 Kxg7 11. e3 Nxf3+ 12. Bxf3 Bc6 13. Bxc6 bxc6 14. 0-0 Qd7 15. Kg2 e5 16. Qc2 h5 17. h4 Ng4 18. Ne2 Qe7 19. Ng1 d5 20. Rfe1 f5 21. Nf3 e4 22. Ng5 Rae8 23. dxe4 fxe4 24. Qa4 Ne5 25. b3 Rf5 26. Rad1 Rxg5 27. hxg5 Qxg5 28. cxd5 Qg4 29. dxc6 Qf3+ 30. Kg1 Qg4 31. Kg2 Qf3+ 32. Kg1 Qg4 1/2-1/2

[Event "BCF-chT3 0809 (4NCL)"]
[Site "Hinckley Island"]
[Date "2009.03.21"]
[Round "7.1"]
[White "Richter, Hans S"]
[Black "Dickson, George A"]
[Result "1-0"]
[WhiteElo "2149"]
[BlackElo "2103"]
[PlyCount "63"]
[EventDate "2008.10.18"]
[EventType "team-swiss"]
[EventRounds "11"]
[EventCountry "ENG"]
[SourceTitle "EXT 2010"]
[Source "ChessBase"]
[SourceDate "2010.11.25"]
[SourceVersion "1"]
[SourceVersionDate "2010.11.25"]
[SourceQuality "1"]
[WhiteTeam "Poisoned Pawns II"]
[BlackTeam "Metropolitan"]
[WhiteTeamCountry "ENG"]
[BlackTeamCountry "ENG"]

1. d4 Nf6 2. c4 c5 3. d5 b5 4. cxb5 a6 5. bxa6 g6 6. Nc3 Bxa6 7. Nf3 Bg7 8. g3 0-0 9. Bg2 d6 10. 0-0 Nbd7 11. Rb1 Ng4 12. Qc2 Nge5 13. Nxe5 Nxe5 14. b3 Qd7 15. h3 c4 16. b4 Rfc8 17. Bd2 Bb5 18. f4 Nd3 19. Nxb5 Qxb5 20. exd3 Bd4+ 21. Kh1 cxd3 22. Qd1 Rxa2 23. Rc1 Rcc2 24. Rxc2 dxc2 25. Qf3 Qa6 26. f5 Ra1 27. fxg6 Bf6 28. gxh7+ Kxh7 29. Bc1 Kg8 30. b5 Qxb5 31. Qg4+ Kh8 32. Qc8+ 1-0

[Event "BCF-chT3 0809 (4NCL)"]
[Site "Hinckley Island"]
[Date "2009.02.08"]
[Round "6.2"]
[White "Dickson, George A"]
[Black "Shepley, Julien M"]
[Result "1-0"]
[WhiteElo "2103"]
[BlackElo "2076"]
[PlyCount "87"]
[EventDate "2008.10.18"]
[EventType "team-swiss"]
[EventRounds "11"]
[EventCountry "ENG"]
[SourceTitle "EXT 2010"]
[Source "ChessBase"]
[SourceDate "2010.11.25"]
[SourceVersion "1"]
[SourceVersionDate "2010.11.25"]
[SourceQuality "1"]
[WhiteTeam "Metropolitan"]
[BlackTeam "Guildford IV"]
[WhiteTeamCountry "ENG"]
[BlackTeamCountry "ENG"]

1. e4 d6 2. d4 Nf6 3. Nc3 Nbd7 4. e5 dxe5 5. dxe5 Nxe5 6. Bf4 Ng6 7. Qxd8+ Kxd8 8. 0-0-0+ Bd7 9. Bg3 Kc8 10. h4 Nh5 11. Bh2 e6 12. Be2 Nf6 13. h5 Ne7 14. Nf3 h6 15. Ne5 Be8 16. Nb5 Nf5 17. Nxc7 Kxc7 18. Nxf7+ Kb6 19. Nxh8 Bc5 20. Ng6 Bxg6 21. hxg6 Bxf2 22. g4 Nd4 23. Bd3 Be3+ 24. Kb1 Nxg4 25. Bg1 Bxg1 26. Rdxg1 Ne5 27. Be4 Ndf3 28. Rd1 Ng5 29. Rhe1 Rf8 30. b3 Rf6 31. Bg2 Nxg6 32. Rd7 Nf4 33. Rxb7+ Ka6 34. Bh1 Rf7 35. Rb8 Ng6 36. Bg2 Nh4 37. Bc6 Rf5 38. a4 Nhf3 39. Bb5+ Ka5 40. c3 Rxb5 41. Rxb5+ Ka6 42. Rd1 Ne4 43. Kc2 g5 44. Rb4 1-0

[Event "Hastings Masters op 84th"]
[Site "Hastings"]
[Date "2008.12.31"]
[Round "4"]
[White "Dickson, George A"]
[Black "Zhou, Yang Fan"]
[Result "0-1"]
[WhiteElo "2135"]
[BlackElo "2276"]
[PlyCount "84"]
[EventDate "2008.12.28"]
[EventType "swiss"]
[EventRounds "9"]
[EventCountry "ENG"]
[SourceTitle "CBM 128 Extra"]
[Source "ChessBase"]
[SourceDate "2009.03.05"]
[SourceVersion "2"]
[SourceVersionDate "2009.03.25"]
[SourceQuality "1"]

1. e4 c5 2. c3 Nf6 3. e5 Nd5 4. d4 cxd4 5. Nf3 e6 6. cxd4 d6 7. Bb5+ Bd7 8. Bxd7+ Nxd7 9. 0-0 dxe5 10. dxe5 Be7 11. Nc3 Nxc3 12. bxc3 0-0 13. Be3 Qc7 14. Bd4 Rfd8 15. Qb3 Nc5 16. Bxc5 Bxc5 17. Rfd1 Bb6 18. h3 h6 19. Qb2 Rac8 20. Rxd8+ Rxd8 21. Rc1 Qc4 22. Qb3 Qe2 23. Nd4 Qxe5 24. Rd1 Qd5 25. Rb1 Qe4 26. Rb2 Qe1+ 27. Kh2 Qe5+ 28. g3 h5 29. h4 Qf6 30. Kg2 e5 31. Nf3 Qc6 32. Qb5 Qxb5 33. Rxb5 f6 34. a4 Rd7 35. a5 Bd8 36. Kf1 a6 37. Rc5 Kf7 38. Ke2 Ke6 39. Nd2 Rd5 40. Rc8 Kd7 41. Rc4 Bxa5 42. g4 b5 0-1

[Event "BCF-chT4 0708 (4NCL)"]
[Site "England"]
[Date "2008.05.03"]
[Round "9.1"]
[White "Bonafont, Philip"]
[Black "Dickson, George A"]
[Result "1-0"]
[WhiteElo "2123"]
[BlackElo "2137"]
[PlyCount "89"]
[EventDate "2007.09.15"]
[EventType "team-swiss"]
[EventRounds "11"]
[EventCountry "ENG"]
[SourceTitle "EXT 2009"]
[Source "ChessBase"]
[SourceDate "2008.11.26"]
[SourceVersion "1"]
[SourceVersionDate "2008.11.26"]
[SourceQuality "1"]
[WhiteTeam "AMCA Dragons"]
[BlackTeam "Metropolitan"]
[WhiteTeamCountry "ENG"]
[BlackTeamCountry "ENG"]

1. d4 Nf6 2. Nf3 g6 3. c4 Bg7 4. Nc3 d5 5. Bg5 c6 6. e3 0-0 7. Qb3 dxc4 8. Bxc4 b5 9. Be2 Be6 10. Qc2 b4 11. Na4 Nbd7 12. 0-0 Qa5 13. Rfc1 Bd5 14. Bh4 Be4 15. Qb3 Bd5 16. Bc4 Bxf3 17. gxf3 e5 18. dxe5 Nxe5 19. Be2 Qd5 20. Qxd5 Nxd5 21. f4 Nd7 22. Rxc6 Rac8 23. Rac1 Nc3 24. Rxc8 Nxe2+ 25. Kf1 Nxc1 26. Rxc1 Nb6 27. Nxb6 axb6 28. b3 Bc3 29. a4 b5 30. axb5 Rb8 31. Rd1 Rxb5 32. Rd8+ Kg7 33. Be7 f5 34. Ke2 Kf7 35. Bh4 Ra5 36. Kd3 Ra2 37. Rd7+ Kg8 38. Kc4 Rc2 39. Kd5 h6 40. Ke6 g5 41. fxg5 hxg5 42. Bxg5 Rxf2 43. h4 Bd2 44. Bf6 Re2 45. Rd8+ 1-0

[Event "Hastings Masters op 83rd"]
[Site "Hastings"]
[Date "2007.12.29"]
[Round "2"]
[White "Dickson, George A"]
[Black "Flear, Glenn C"]
[Result "0-1"]
[WhiteElo "2160"]
[BlackElo "2493"]
[PlyCount "66"]
[EventDate "2007.12.28"]
[EventType "swiss"]
[EventRounds "10"]
[EventCountry "ENG"]
[SourceTitle "CBM 122 Extra"]
[Source "ChessBase"]
[SourceDate "2008.03.04"]
[SourceVersion "1"]
[SourceVersionDate "2008.03.04"]
[SourceQuality "1"]

1. e4 e5 2. Nf3 Nc6 3. Bb5 a6 4. Ba4 Nf6 5. Qe2 Be7 6. d3 b5 7. Bb3 0-0 8. 0-0 d6 9. h3 Na5 10. Bg5 h6 11. Bd2 Nxb3 12. axb3 Bb7 13. b4 d5 14. exd5 Nxd5 15. c3 Re8 16. Na3 Bf6 17. Rfe1 Qd7 18. Qe4 c5 19. Qg4 Qxg4 20. hxg4 cxb4 21. cxb4 Nf4 22. Bc3 Nxd3 23. Re3 Rad8 24. Rd1 Nf4 25. Rxd8 Rxd8 26. Bxe5 Bxe5 27. Rxe5 Nd3 28. Re7 Bxf3 29. gxf3 Nxb4 30. Re4 Rd1+ 31. Kg2 Nd3 32. Nc2 Rd2 33. Re8+ Kh7 0-1

[Event "BCF-chT4 0708 (4NCL)"]
[Site "England"]
[Date "2007.10.28"]
[Round "2.1"]
[White "Dickson, George A"]
[Black "Davies, Matthew"]
[Result "0-1"]
[WhiteElo "2160"]
[BlackElo "1937"]
[PlyCount "112"]
[EventDate "2007.09.15"]
[EventType "team-swiss"]
[EventRounds "11"]
[EventCountry "ENG"]
[SourceTitle "EXT 2009"]
[Source "ChessBase"]
[SourceDate "2008.11.26"]
[SourceVersion "1"]
[SourceVersionDate "2008.11.26"]
[SourceQuality "1"]
[WhiteTeam "Metropolitan"]
[BlackTeam "Wales Old Boys"]
[WhiteTeamCountry "ENG"]
[BlackTeamCountry "WLS"]

1. e4 e6 2. d4 d5 3. Nc3 Nf6 4. Bg5 Be7 5. e5 Nfd7 6. Bxe7 Qxe7 7. Nf3 a6 8. Bd3 c5 9. dxc5 Nc6 10. Qe2 Nxc5 11. 0-0 b5 12. a3 0-0 13. Qe3 Nd7 14. Qf4 f6 15. Qh4 g6 16. Rfe1 fxe5 17. Qxe7 Nxe7 18. Nxe5 Nxe5 19. Rxe5 Nc6 20. Ree1 Bd7 21. Ne2 e5 22. f3 Bf5 23. Nc1 Rae8 24. Bxf5 gxf5 25. Nb3 Rf6 26. Rad1 Rd6 27. c3 Kf7 28. Kf2 Kf6 29. f4 e4 30. Ke3 a5 31. Nd4 Nxd4 32. Rxd4 Rc8 33. Red1 Ke6 34. a4 Rb8 35. R1d2 bxa4 36. Rxa4 Rb5 37. h3 h5 38. g3 Rdb6 39. Ra2 Rb7 40. Rg2 Rg7 41. b4 axb4 42. Ra6+ Kf7 43. Ra7+ Kg8 44. Rxg7+ Kxg7 45. cxb4 Rxb4 46. Ra2 d4+ 47. Kd2 Rb3 48. Ra7+ Kf6 49. Ra6+ Ke7 50. Ra7+ Kd6 51. Ra6+ Kc7 52. Rh6 Rxg3 53. Rxh5 Rg2+ 54. Ke1 e3 55. Rg5 Rh2 56. Rg3 Kd6 0-1

[Event "BCF-chT4 0708 (4NCL)"]
[Site "England"]
[Date "2007.10.27"]
[Round "1.1"]
[White "Crouch, Colin S"]
[Black "Dickson, George A"]
[Result "1-0"]
[WhiteElo "2353"]
[BlackElo "2160"]
[PlyCount "59"]
[EventDate "2007.09.15"]
[EventType "team-swiss"]
[EventRounds "11"]
[EventCountry "ENG"]
[SourceTitle "EXT 2009"]
[Source "ChessBase"]
[SourceDate "2008.11.26"]
[SourceVersion "1"]
[SourceVersionDate "2008.11.26"]
[SourceQuality "1"]
[WhiteTeam "Braille Chess Association"]
[BlackTeam "Metropolitan"]
[WhiteTeamCountry "ENG"]
[BlackTeamCountry "ENG"]

1. d4 Nf6 2. c4 c5 3. d5 e6 4. Nc3 exd5 5. cxd5 d6 6. e4 g6 7. Bd3 Bg7 8. h3 0-0 9. Nf3 b5 10. 0-0 b4 11. Ne2 Ba6 12. Bxa6 Nxa6 13. Qd3 Nc7 14. Nd2 Re8 15. Ng3 Rb8 16. Nc4 Nb5 17. Bf4 h5 18. Bg5 Qd7 19. f4 Nh7 20. Bh4 Bd4+ 21. Kh1 Bf6 22. Bxf6 Nxf6 23. f5 Kg7 24. Qf3 Qe7 25. Qf4 Nh7 26. a4 bxa3 27. bxa3 h4 28. a4 hxg3 29. axb5 Qxe4 30. Nxd6 1-0